Linguistics theoretical and applied: a fests'chrift for ruqaiya hasan (Record no. 131601)
[ view plain ]
| 000 -LEADER | |
|---|---|
| fixed length control field | 00424nam a2200145Ia 4500 |
| 008 - FIXED-LENGTH DATA ELEMENTS--GENERAL INFORMATION | |
| fixed length control field | 230917s9999||||xx |||||||||||||| ||und|| |
| 040 ## - CATALOGING SOURCE | |
| -- | 111182 |
| Original cataloging agency | VIVEKANANDA LIBRARY |
| 041 ## - Language | |
| -- | English |
| 082 ## - DDC NUMBER | |
| Classification number | 410 L647L |
| 100 ## - MAIN ENTRY--PERSONAL NAME | |
| Personal name | Koul, Omkar N. Ed. |
| 245 #0 - TITLE STATEMENT | |
| Title | Linguistics theoretical and applied: a fests'chrift for ruqaiya hasan |
| 260 ## - PUBLICATION, DISTRIBUTION, ETC. (IMPRINT) | |
| Place of publication, distribution, etc | Delhi |
| Name of publisher, distributor, etc | Indian Institute of language studies |
| Date of publication, distribution, etc | 2004 |
| 300 ## - PHYSICAL DESCRIPTION | |
| Pages | vii p. ; 161 |
| 942 ## - ADDED ENTRY ELEMENTS (KOHA) | |
| Koha item type | Books |
| Withdrawn status | Lost status | Damaged status | Not for loan | Location (home branch) | Sublocation or collection (holding branch) | Date acquired | Koha issues (times borrowed) | Koha full call number | Accession No. | Koha date last seen | Koha item type |
|---|---|---|---|---|---|---|---|---|---|---|---|
| VIVEKANANDA LIBRARY | VIVEKANANDA LIBRARY | 17/08/2006 | 410 L647L | 230374 | 17/09/2023 | Books |
